Trestny poriadok

Uložené v:
Podrobná bibliografia
Hlavný autor: TOLAR, J. (Author)
Médium: Kniha
Jazyk:Slovak
Vydané: 1963
Tagy: Pridať tag
Žiadne tagy, Buďte prvý kto otaguje tento záznam!

MARC

LEADER 00000nam a2200000 a 4500
001 000167006
005 00000000000000.0
008 040101s1963 e sloo
041 0 |a slo 
100 1 |a TOLAR, J.  |4 aut 
245 1 0 |a Trestny poriadok 
260 |c 1963 
500 |a Záznam neprešiel kontrolou 
910 |a svkkk 
998 |a BK 
090 |g SCKHL  |k Sklad Pribinova 2. posch.  |a II.134916  |i 2720262990  |s Absenčne